Assessing the invasive potential of some species differing in habit and biogeographic origin under changing climate through ecological niche modelling (Record no. 54531)

MARC details
000 -LEADER
fixed length control field 01803nam a2200181Ia 4500
100 ## - MAIN ENTRY--AUTHOR NAME
Personal name Ray D
245 #0 - TITLE STATEMENT
Title Assessing the invasive potential of some species differing in habit and biogeographic origin under changing climate through ecological niche modelling
260 ## - PUBLICATION, DISTRIBUTION, ETC. (IMPRINT)
Name of publisher National Seminar on Recent Trends in Biodiversity Conservation and Bioresource Utilization, 8-9 September 2017, Department of Botany, Womens College, Agarthala, India. Abstracts IL 5.
520 ## - SUMMARY, ETC.
Summary, etc Invasive potential of three weed species and one planted tree species differing in habit and bio-geographic origin were assessed through ecological niche modelling in the context of 2000 and 2050 climate in North-east India. Through this study, a basic question was attempted to be answered whether species with similar bio-geographic origin found in the inwaded range have any unique niche characteristics supporting the invasion process. This was observed that Ageratum conyzoides and Hevea brasiliensis with South American origin exhibited higher potential to invade/distribute in NE region of India by 2050. On the other hand, though Urena lobata and Imperata cylindrical are of South Asian origin, their potential to invade further in NE India is limited in 2050 compared to its past distribution in 2000. Climatic variable related to precipitation seasonality, temperature seasonality, temperature seasonality, mean temperature of warmest quarter and mean temperature of coldest quarter are some of the important factors that are responsible for better invasion of non-native species.
650 ## - SUBJECT ADDED ENTRY--TOPICAL TERM
Topical Term Bioclimate
650 ## - SUBJECT ADDED ENTRY--TOPICAL TERM
Topical Term Invasion
650 ## - SUBJECT ADDED ENTRY--TOPICAL TERM
Topical Term Maxent
650 ## - SUBJECT ADDED ENTRY--TOPICAL TERM
Topical Term Northeast India
650 ## - SUBJECT ADDED ENTRY--TOPICAL TERM
Topical Term Species distribution modelling
856 ## - ELECTRONIC LOCATION AND ACCESS
Uniform Resource Identifier Abst only
942 ## - ADDED ENTRY ELEMENTS (KOHA)
Koha item type Journals
Holdings
Withdrawn status Lost status Damaged status Not for loan Home library Current library Shelving location Date acquired Koha item type
      Journals RRII Library RRII Library Climate change 01/01/2018 Journals